000 01584nam0a2200385 4500
001 RU\NLR\bibl\349718
005 20250621153217.0
021 _aRU
_b2002-47338
_92290
035 _a(NLR Aleph) 000344489
090 _a237176
_c237176
100 _a20021203d2002 |||y0rusy50 ca
101 0 _arus
102 _aRU
105 _aa |||||||||
200 1 _aМедико-социальные аспекты женского алкоголизма
_fН.Н. Курьянова, А.Г. Сердюков
_gАстрах. гос. мед. акад.
210 _aАстрахань
_cАГМА
_d2002
215 _a214 с.
_cил.
_d20
320 _aБиблиогр.: с. 192-211
606 0 _aАлкоголизм у женщин
_xМедико-социальные исследования
_92270571
_3RU\NLR\auth\661360920
606 0 _aАлкоголизм женщин
_xМедико-социальные исследования
_92270569
_3RU\NLR\auth\661360919
610 0 _aАлкоголизм женский - Социально-гигиенические проблемы
675 _a616.89-008.441.13-053.2
_v3
_zrus
686 _a76.29
_2rugasnti
686 _a56.14
_2rubbk
686 _aР11(2)0
686 _aР645.11
700 1 _aКурьянова
_bН. Н.
_gНаталья Николаевна
_4070
701 1 _aСердюков
_bА. Г.
_gАнатолий Гаврилович
_4070
801 0 _aRU
_bRKP
_c20021203
_gPSBO
801 1 _aRU
_bRKP
_c20021203
801 2 _aRU
_bNLR
_c20030110
_grcr
942 _cBOOK
980 _aNB
980 _aNBR